000 00463cam a2200169ua 4500
020 _c1.50
041 _amal
_h
082 _a894.8124
_bCHA/PA
100 _aChandrasekharan Nair, Vaikom .
245 _aPazhayathum puthiyathum /
_cVaikom Chandrasekharan Nair.
_hTextual Documents
260 _aKottayam :
_bSahitya Pravarthaka Co-operative Society ,
_c1957.
300 _a136 ; .
365 _a1.50
504 _a
942 _cBK
999 _c5818
_d5818